Ulica oceliarov /

Main Author: Markova, Ol‘ga Ivanovna, 1908-1976
Other Authors: Príbus, Michal, 1912-1995
Language: Slovak
Published: Bratislava : Slovenský spisovateľ, 1953
Edition: 1. vyd.
Series: Tvorba národov
Physical Description: 170 s., obr. příl. : il.
Book
Saved in:
LEADER 00961nam a22002772a 4500
001 001463006
003 CZ BrMZK
005 20191011122939.0
007 ta
008 150323s1953 xo af er|||||||||||slo d
040 |a ABA001  |b cze  |c ABA001  |d ABA001  |d OLA001  |d BOA001 
041 1 |a slo  |h rus 
100 1 |a Markova, Ol‘ga Ivanovna,  |d 1908-1976  |7 jx20050715009  |4 aut 
245 1 0 |a Ulica oceliarov /  |c Ol'ga Markova ; z ruského originálu ... preložil Michal Príbus 
250 |a 1. vyd. 
260 |a Bratislava :  |b Slovenský spisovateľ,  |c 1953 
300 |a 170 s., obr. příl. :  |b il. 
490 1 |a Tvorba národov ;  |v sv. 43 
500 |a Přeloženo z ruštiny 
700 1 |a Príbus, Michal,  |d 1912-1995  |7 ola2002152901  |4 trl 
765 0 |t Ulica stalevarov  |9 Slovensky 
830 0 |a Tvorba národov 
910 |a BOA001  |b 2-0309.442 
990 |a BK 
991 |b 201503 
996 7 |b 2618823957  |c 2-0309.442  |l MZK  |r Sklad / do 24 hodin  |n 0  |w 001497952  |u 000010  |a 1  |e BOA001  |j MZK50  |s A